[Event "Eurasia Open Cup 2018"]
[Site "Jekaterienburg"]
[Date "2018.08.08"]
[Round "7"]
[White "Gusarov, Aleksey"]
[Black "Yeletsky, Ivan"]
[Result "1/2-1/2"]
[WhiteElo "2238"]
[BlackElo "2412"]
[Annotator "NA"]
[PlyCount "167"]
[EventDate "2018.08.01"]
[EventType "swiss"]
[EventCountry "RUS"]
[SourceTitle "playchess.com"]
[Source "ChessBase"]
[SourceQuality "1"]
[TimeControl "5400+30"]

1. c4 {[%emt 0:00:01]} e5 {[%emt 0:00:57]} 2. Nc3 {[%emt 0:00:21]} Bb4 {[%emt 0:00:07]} 3. g3 {[%emt 0:01:32]} Bxc3 {[%emt 0:00:17]} 4. bxc3 {[%emt 0:00:06]} Ne7 {[%emt 0:00:40]} 5. Bg2 {[%emt 0:00:38]} O-O {[%emt 0:00:09]} 6. Nh3 {[%emt 0:01:51]} h6 {[%emt 0:10:03]} 7. O-O {[%emt 0:00:34]} d5 {[%emt 0:00:09]} 8. cxd5 {[%emt 0:02:52]} Nxd5 {[%emt 0:00:08]} 9. c4 {[%emt 0:05:10]} Nb6 {[%emt 0:03:33]} 10. d3 {[%emt 0:00:37]} Be6 {[%emt 0:01:18]} 11. Kh1 {[%emt 0:00:53]} Qd7 {[%emt 0:02:16]} 12. Ng1 {[%emt 0:00:17]} Nc6 {[%emt 0:00:09]} 13. Bb2 {[%emt 0:04:47]} Rad8 {[%emt 0:01:37]} 14. Rc1 {[%emt 0:00:53]} Rfe8 {[%emt 0:01:07]} 15. Qc2 {[%emt 0:09:02]} f6 {[%emt 0:20:41]} 16. h3 $11 {[%emt 0:07:34]} Ne7 {[%emt 0:11:02]} 17. Kh2 {[%emt 0:01:21]} Qa4 {[%emt 0:05:43]} 18. Bxb7 {[%emt 0:11:12]} c6 {[%emt 0:01:28]} 19. Qxa4 {[%emt 0:00:45]} Nxa4 {[%emt 0:00:07]} 20. Ba3 {[%emt 0:00:04]} Rb8 {[%emt 0:07:02]} 21. Rb1 {[%emt 0:01:45]} Nc3 {[%emt 0:00:47]} 22. Rb3 {[%emt 0:06:58]} Nb5 {[%emt 0:05:19]} 23. Bxe7 {[%emt 0:01:25]} Nd4 {[%emt 0:00:52]} 24. Bxc6 {[%emt 0:11:18]} Nxc6 {[%emt 0:00:11]} 25. Bc5 {[%emt 0:00:14]} Rxb3 {[%emt 0:03:17]} 26. axb3 {[%emt 0:00:04]} Rb8 {[%emt 0:00:05]} 27. b4 {[%emt 0:01:16]} Nxb4 {[%emt 0:00:58]} 28. Bxa7 {[%emt 0:00:34]} Ra8 {[%emt 0:01:18]} 29. Bc5 {[%emt 0:02:23]} Nc2 {[%emt 0:02:38]} 30. Rb1 {[%emt 0:00:47]} Ra2 {[%emt 0:00:23]} 31. Rb6 {[%emt 0:02:44]} Kf7 {[%emt 0:04:13]} 32. Rb7+ {[%emt 0:00:06]} Kg8 {[%emt 0:00:05]} 33. Re7 {[%emt 0:02:13]} Bf7 {[%emt 0:02:20]} 34. g4 {[%emt 0:01:05]} Ra1 {[%emt 0:02:48]} 35. Nf3 {[%emt 0:03:59]} Ne1 {[%emt 0:00:25]} 36. Ng1 {[%emt 0:01:49]} Bg6 {[%emt 0:00:56]} 37. Ra7 {[%emt 0:00:51]} Rd1 {[%emt 0:07:24]} 38. f3 {[%emt 0:04:02]} Nc2 {[%emt 0:03:16]} 39. Ra2 {[%emt 0:00:26]} Rc1 {[%emt 0:00:40]} 40. Ba3 {[%emt 0:00:52]} Nxa3 {[%emt 0:00:24]} 41. Rxa3 {[%emt 0:00:04]} h5 {[%emt 0:00:05]} 42. gxh5 {[%emt 0:01:46]} Bxh5 {[%emt 0:00:04]} 43. h4 {[%emt 0:00:09]} Rc2 {[%emt 0:00:57]} 44. Kg3 {[%emt 0:00:53]} Kh7 {[%emt 0:00:07]} 45. Kf2 {[%emt 0:00:13]} Rc1 {[%emt 0:00:55]} 46. Ra2 {[%emt 0:00:35]} Be8 {[%emt 0:00:35]} 47. Kg2 {[%emt 0:00:47]} Bc6 {[%emt 0:01:13]} 48. Ra6 {[%emt 0:04:37]} Bd7 {[%emt 0:00:03]} 49. Rd6 {[%emt 0:01:48]} Ba4 {[%emt 0:00:27]} 50. Kf2 {[%emt 0:00:29]} Kg6 {[%emt 0:00:05]} 51. Rd8 {[%emt 0:01:33]} Kh7 {[%emt 0:00:46]} 52. f4 {[%emt 0:02:24]} e4 {[%emt 0:01:46]} 53. dxe4 {[%emt 0:00:36]} Rxc4 {[%emt 0:00:04]} 54. Ke3 {[%emt 0:00:05]} Bc6 {[%emt 0:00:43]} 55. Rd4 {[%emt 0:00:07]} Rc3+ {[%emt 0:00:39]} 56. Kf2 {[%emt 0:00:18]} Kg6 {[%emt 0:00:07]} 57. Nf3 {[%emt 0:00:13]} Kh5 {[%emt 0:00:29]} 58. e5 {[%emt 0:04:08]} Kg4 {[%emt 0:00:06]} 59. Ne1 {[%emt 0:01:33]} Kxh4 {[%emt 0:01:40]} 60. exf6 {[%emt 0:00:09]} gxf6 {[%emt 0:00:05]} 61. Rd6 {[%emt 0:00:04]} f5 {[%emt 0:00:31]} 62. Nd3 {[%emt 0:00:17]} Be4 {[%emt 0:00:45]} 63. Ne5 {[%emt 0:00:58]} Kh5 {[%emt 0:00:08]} 64. Rb6 {[%emt 0:01:20]} Ra3 {[%emt 0:00:33]} 65. Nc4 {[%emt 0:00:38]} Rh3 {[%emt 0:00:28]} 66. Ne5 {[%emt 0:00:32]} Ra3 {[%emt 0:00:15]} 67. Rb8 {[%emt 0:00:37]} Kh6 {[%emt 0:00:11]} 68. Rg8 {[%emt 0:00:07]} Kh7 {[%emt 0:00:56]} 69. Rg1 {[%emt 0:00:10]} Ra7 {[%emt 0:00:28]} 70. Rg3 {[%emt 0:00:45]} Rb7 {[%emt 0:00:14]} 71. Rg5 {[%emt 0:00:51]} Kh6 {[%emt 0:00:41]} 72. Nc4 {[%emt 0:00:20]} Rg7 {[%emt 0:00:38]} 73. Rxg7 {[%emt 0:00:19]} Kxg7 {[%emt 0:00:05]} 74. Ke3 {[%emt 0:00:12]} Kf6 {[%emt 0:00:07]} 75. Kd4 {[%emt 0:00:05]} Bg2 {[%emt 0:00:16]} 76. Ne5 {[%emt 0:00:35]} Ke6 {[%emt 0:00:16]} 77. Kc5 {[%emt 0:00:19]} Bf1 {[%emt 0:00:10]} 78. e3 {[%emt 0:00:07]} Bg2 {[%emt 0:00:05]} 79. Nc6 {[%emt 0:00:12]} Be4 {[%emt 0:00:13]} 80. Nd4+ {[%emt 0:01:41]} Ke7 {[%emt 0:00:07]} 81. Nb5 {[%emt 0:00:19]} Ke6 {[%emt 0:00:26]} 82. Kb6 {[%emt 0:00:28]} Bd3 {[%emt 0:00:55]} 83. Nc3 {[%emt 0:00:39]} Kd6 {[%emt 0:00:07]} 84. Nd1 {[%emt 0:01:06]} 1/2-1/2

[Event "Eurasia Open Cup 2018"]
[Site "Jekaterienburg"]
[Date "2018.08.08"]
[Round "7"]
[White "Pogorelskikh, Sergey"]
[Black "Mokshanov, Alexey"]
[Result "0-1"]
[WhiteElo "2166"]
[BlackElo "2439"]
[Annotator "TA"]
[PlyCount "34"]
[EventDate "2018.08.01"]
[EventType "swiss"]
[EventCountry "RUS"]
[SourceTitle "playchess.com"]
[Source "ChessBase"]
[SourceQuality "1"]

{[%evp 21,34,13,18,7,15,2,28,0,8,-185,-183,-182,-178,-481,-473]} 1. e4 e6 2. d4 d5 3. Nc3 Nf6 4. Bg5 Be7 5. e5 Nfd7 6. Bxe7 Qxe7 7. f4 O-O 8. Nf3 c5 9. dxc5 Qxc5 10. Qd4 {C14: French: Classical System: 4 Bg5 Be7 main line} Nc6 11. Qxc5 Nxc5 {LiveBook: 3 Games} 12. Bd3 {The position is equal.} (12. O-O-O a6 13. Bd3 b5 14. Ne2 b4 15. Ned4 Nxd4 16. Nxd4 a5 17. h4 Ba6 {0-1 (72) Muzychuk,A (2533)-Danielian,E (2489) Ohrid 2009}) 12... b6 13. Kd2 a5 $146 ({Predecessor:} 13... Rd8 14. Ne2 Nb4 15. Ned4 Ncxd3 16. cxd3 Ba6 17. Ne1 Rac8 {1-0 (43) Knox,V-Wood,B Bristol 1968}) 14. Rhf1 Ba6 15. a3 $2 {[#]} (15. Bxa6 $11 {and White is okay.} Rxa6 16. Ke3) 15... Bxd3 $19 16. cxd3 Nb3+ 17. Ke3 $2 (17. Ke2 {is more resistant.}) 17... d4+ 0-1

[Event "Eurasia Open Cup 2018"]
[Site "Jekaterienburg"]
[Date "2018.08.08"]
[Round "7"]
[White "Marchuk, Rostislav"]
[Black "Popov, Mikhail"]
[Result "0-1"]
[WhiteElo "2155"]
[BlackElo "2401"]
[Annotator "NA"]
[PlyCount "93"]
[EventDate "2018.08.01"]
[EventType "swiss"]
[EventCountry "RUS"]
[SourceTitle "playchess.com"]
[Source "ChessBase"]
[SourceQuality "1"]
[TimeControl "5400+30"]

1. d4 {[%emt 0:00:00]} g6 {[%emt 0:00:20]} 2. Nf3 {[%emt 0:00:00]} d6 {[%emt 0:00:24]} 3. c4 {[%emt 0:00:18]} Nf6 {[%emt 0:00:00]} 4. Nc3 {[%emt 0:00:05]} Bf5 {[%emt 0:00:24]} 5. d5 {[%emt 0:09:27]} Bg7 {[%emt 0:00:26]} 6. Nd4 {[%emt 0:00:26]} Bd7 {[%emt 0:00:28]} 7. e4 {[%emt 0:00:39]} O-O {[%emt 0:00:30]} 8. Be2 {[%emt 0:00:43]} e6 {[%emt 0:01:09]} 9. O-O {[%emt 0:02:41]} exd5 {[%emt 0:00:58]} 10. exd5 {[%emt 0:02:07]} Re8 {[%emt 0:01:22]} 11. Bf3 {[%emt 0:03:46]} a5 {[%emt 0:02:21]} 12. h3 {[%emt 0:09:26]} Na6 {[%emt 0:00:39]} 13. Be3 {[%emt 0:06:56]} Nc5 {[%emt 0:06:57]} 14. Re1 {[%emt 0:10:48]} Nfe4 {[%emt 0:07:07]} 15. Qc2 $11 {[%emt 0:08:06]} Nxc3 {[%emt 0:21:58]} 16. Qxc3 {[%emt 0:07:16]} Qh4 {[%emt 0:00:37]} 17. Qd2 {[%emt 0:06:37]} Ne4 {[%emt 0:07:04]} 18. Bxe4 {[%emt 0:04:20]} Rxe4 {[%emt 0:01:31]} 19. Nf3 {[%emt 0:00:16]} Qh5 {[%emt 0:04:14]} 20. Bd4 {[%emt 0:04:06]} Rxe1+ {[%emt 0:03:35]} 21. Rxe1 {[%emt 0:00:37]} Bxh3 {[%emt 0:01:43]} 22. Bxg7 {[%emt 0:00:00]} Qg4 {[%emt 0:03:28]} 23. Qg5 {[%emt 0:00:56]} Kxg7 {[%emt 0:00:27]} 24. Re7 {[%emt 0:00:35]} Rc8 {[%emt 0:01:47]} 25. Kh2 {[%emt 0:02:11]} h6 {[%emt 0:01:43]} 26. Qxg4 {[%emt 0:00:23]} Bxg4 {[%emt 0:00:04]} 27. Nd4 {[%emt 0:00:21]} Kf6 {[%emt 0:01:45]} 28. Re3 {[%emt 0:00:12]} Bd7 {[%emt 0:01:16]} 29. Kg3 {[%emt 0:05:08]} Re8 {[%emt 0:06:10]} 30. Rxe8 {[%emt 0:00:12]} Bxe8 {[%emt 0:00:04]} 31. f4 {[%emt 0:00:46]} Bd7 {[%emt 0:03:03]} 32. Kf3 {[%emt 0:01:56]} h5 {[%emt 0:01:32]} 33. g3 {[%emt 0:01:53]} g5 {[%emt 0:05:04]} 34. Ke3 {[%emt 0:01:54]} Kg6 {[%emt 0:02:23]} 35. Ke4 {[%emt 0:01:48]} h4 {[%emt 0:01:23]} 36. fxg5 {[%emt 0:02:44]} h3 {[%emt 0:01:04]} 37. Nf3 {[%emt 0:03:11]} Bg4 {[%emt 0:00:38]} 38. Nh2 {[%emt 0:00:53]} Kxg5 {[%emt 0:00:06]} 39. Kd4 {[%emt 0:02:55]} b6 {[%emt 0:01:56]} 40. b3 {[%emt 0:00:00]} Bd1 {[%emt 0:01:57]} 41. Ke3 {[%emt 0:01:14]} Bc2 {[%emt 0:02:16]} 42. Kd2 {[%emt 0:00:26]} Bb1 {[%emt 0:00:53]} 43. Kc1 {[%emt 0:00:00]} Be4 {[%emt 0:02:47]} 44. Kd2 {[%emt 0:00:03]} f5 {[%emt 0:00:46]} 45. Ke3 {[%emt 0:03:37]} Bb1 {[%emt 0:00:05]} 46. a3 {[%emt 0:00:31]} Ba2 {[%emt 0:00:32]} 47. Kd4 {[%emt 0:00:04]} 0-1

[Event "Eurasia Open Cup 2018"]
[Site "Jekaterienburg"]
[Date "2018.08.08"]
[Round "7"]
[White "Isanzhulov, Arystan"]
[Black "Kopylov, Alexander A"]
[Result "1/2-1/2"]
[WhiteElo "2146"]
[BlackElo "2421"]
[Annotator "NA"]
[PlyCount "101"]
[EventDate "2018.08.01"]
[EventType "swiss"]
[EventCountry "RUS"]
[SourceTitle "playchess.com"]
[Source "ChessBase"]
[SourceQuality "1"]
[TimeControl "5400+30"]

1. e4 {[%emt 0:00:00]} e5 {[%emt 0:04:36]} 2. Nf3 {[%emt 0:00:00]} Nc6 {[%emt 0:01:22]} 3. d4 {[%emt 0:00:04]} exd4 {[%emt 0:00:57]} 4. Nxd4 {[%emt 0:00:04]} Nf6 {[%emt 0:01:29]} 5. Nxc6 {[%emt 0:00:32]} bxc6 {[%emt 0:00:00]} 6. Nc3 {[%emt 0:00:19]} Bb4 {[%emt 0:01:33]} 7. Bd3 {[%emt 0:00:00]} d5 {[%emt 0:00:29]} 8. exd5 {[%emt 0:00:42]} O-O {[%emt 0:00:09]} 9. O-O {[%emt 0:00:18]} cxd5 {[%emt 0:00:06]} 10. h3 {[%emt 0:00:20] C47: Scotch Four Knights and Four Knights with 4 g3} (10. Bg5 c6 11. Qf3 Bd6 12. Rae1 Rb8 13. Nd1 h6 14. Bxf6 Qxf6 15. Qxf6 gxf6 16. b3 Be6 17. Ne3 Bb4 18. Rd1 Rfe8 19. Nf5 Bxf5 20. Bxf5 Re5 21. f4 {½-½ (30) Wei,Y (2734)-Yu,Y (2759) Hangzhou 2018}) 10... c6 {[%emt 0:03:24]} 11. Qf3 {[%emt 0:12:32]} Rb8 {[%emt 0:03:04]} 12. Bf4 {[%emt 0:00:00]} Bd6 {[%emt 0:00:13]} 13. b3 {[%emt 0:00:00]} Qc7 {[%emt 0:06:55]} 14. Ne2 {[%emt 0:00:00]} Re8 {[%emt 0:01:08]} 15. Rfe1 {[%emt 0:06:51]} Bd7 {[%emt 0:03:27]} 16. Qg3 {[%emt 0:00:58]} Be5 $146 {[%emt 0:08:34]} ({Predecessor:} 16... Bxf4 17. Qxf4 Qa5 {1-0 (70) Serefidou,D (1971)-Coimbra,M (2093) Belgrade 2013}) 17. Bxe5 {[%emt 0:06:31]} Rxe5 {[%emt 0:01:09]} 18. Nd4 {[%emt 0:04:10]} Rxe1+ {[%emt 0:00:49]} 19. Rxe1 {[%emt 0:00:06]} Qxg3 {[%emt 0:00:00]} 20. fxg3 {[%emt 0:00:05]} c5 $11 {[%emt 0:15:58]} 21. Nf3 {[%emt 0:01:13]} a5 {[%emt 0:00:48]} 22. g4 {[%emt 0:07:31]} h6 {[%emt 0:05:11]} 23. g5 {[%emt 0:02:20]} hxg5 {[%emt 0:01:34]} 24. Nxg5 {[%emt 0:00:01]} Kf8 {[%emt 0:01:09]} 25. Nf3 {[%emt 0:02:31]} a4 {[%emt 0:04:45]} 26. Nd2 {[%emt 0:07:20]} Be6 {[%emt 0:02:10]} 27. c4 {[%emt 0:14:52]} dxc4 {[%emt 0:22:22]} 28. Bxc4 {[%emt 0:01:59]} Bxc4 {[%emt 0:01:48]} 29. Nxc4 {[%emt 0:00:06]} axb3 {[%emt 0:00:39]} 30. Rb1 {[%emt 0:00:19]} Nd5 {[%emt 0:02:58]} 31. Rxb3 {[%emt 0:02:07]} Rxb3 {[%emt 0:00:22]} 32. axb3 {[%emt 0:00:34]} Ke7 {[%emt 0:01:24]} 33. Kf2 {[%emt 0:01:12]} Ke6 {[%emt 0:00:00]} 34. Kf3 {[%emt 0:00:28]} Ne7 {[%emt 0:02:18]} 35. g4 {[%emt 0:03:10]} g5 {[%emt 0:02:48]} 36. Nd2 {[%emt 0:01:37]} Nc6 {[%emt 0:00:00]} 37. Ke4 {[%emt 0:00:24]} f6 {[%emt 0:01:05]} 38. Nc4 {[%emt 0:02:16]} Ne5 {[%emt 0:00:34]} 39. Ne3 {[%emt 0:00:19]} Nc6 {[%emt 0:00:49]} 40. Nf5 {[%emt 0:00:38]} Na5 {[%emt 0:00:00]} 41. h4 {[%emt 0:05:56]} gxh4 {[%emt 0:00:19]} 42. Nxh4 {[%emt 0:00:06]} Nxb3 {[%emt 0:00:03]} 43. Nf5 {[%emt 0:02:39]} Na5 {[%emt 0:01:16]} 44. Ng7+ {[%emt 0:01:47]} Kf7 {[%emt 0:00:09]} 45. Nh5 {[%emt 0:01:16]} Kg6 {[%emt 0:00:13]} 46. Nf4+ {[%emt 0:00:30]} Kg5 {[%emt 0:00:21]} 47. Ne6+ {[%emt 0:00:07]} Kxg4 {[%emt 0:00:03]} 48. Nxc5 {[%emt 0:00:04]} f5+ {[%emt 0:00:13]} 49. Ke3 {[%emt 0:00:04]} Kg3 {[%emt 0:00:05]} 50. Ne4+ {[%emt 0:00:12]} fxe4 {[%emt 0:00:12]} 51. Kxe4 {[%emt 0:00:04]} 1/2-1/2